Diaspora-Iraq - Statistics

General Stats
  • This quiz has been taken 592 times
    583 since last reset
  • The average score is 30 of 35
Answer Stats
Number of immigrants Continent Country % Correct
340.000 South America Brazil
97%
203.000-500.000 Asia Iran
97%
50.000-460.000 Asia/ Europe Turkey
97%
250.000 Europe United Kingdom
97%
150.000 North America United States of America
97%
150.000 Europe Germany
96%
33.000 Asia Saudi Arabia
95%
150.000 North America Canada
94%
8.200 Europe France
94%
1.00.000-1.500.000 Asia Syria
94%
150.000 Africa Egypt
93%
60.000-90.000 Oceania Australia
90%
56.300 Europe Italy
90%
135.129 Europe Sweden
89%
100.000 Asia United Arab Emirates
89%
200.000 Asia Jordan
88%
130.000 Asia Jordan
88%
120.000 South America Argentina
87%
29.000 Europe Norway
86%
20.000 Asia Kuwait
84%
8.976 Asia Qatar
83%
6.000 Oceania New Zealand
82%
43.000 Europe the Netherlands
82%
10.000-30.000 Europe Belgium
81%
5.000-40.000 Europe Greece
81%
50.000 Asia Lebanon
81%
12.000-15.000 Europe Denmark
79%
32.778 Europe Finland
79%
250.000 Asia Israel
79%
5.559 Europe Austria
75%
5.000 Europe Switzerland
73%
20.000 Africa Algeria
72%
30.000 Africa Libya
72%
100.000 Asia Yemen
72%
43.210 Europe Bulgaria
53%
No matching quizzes found
Score Distribution
Percent of People with Each Score
Percentile by Number Answered
Your Score History
You have not taken this quiz since the last reset